01018cam a22002895a 4500001001000000003000400010005001700014008004100031020001800072020001500090040004000105082001900145100002900164245009700193250002400290260005000314300002900364504005100393650003300444651001000477653002300487700002000510700001800530942000800548999001700556952015500573017366867OSt20161204141522.0150511t2016 enka frb 001 0 eng d a9781292102863 a1292102861 aStDuBDSbengcStDuBDSdUkdEG-ScBUE04a302.2222bBEE1 aBeebe, Steven A.,d1950-10aCommunication :bprinciples for a lifetime /cSteven A. Beebe, Susan J. Beebe, Diana K. Ivy. a6th ed., Global ed. aHarlow :bPearson Education Limited,cc.2016. a470 p. :bill. ;c28 cm. aIncludes bibliographical references and index. 7aCommunication.2BUEsh913476 2BUEsh bNNURcDecember20161 aBeebe, Susan J.1 aIvy, Diana K. 2ddc c23438d23410 00102ddc40708BaccahaMAINbMAINc1STd2016-12-04ePurchaseg480.00h25145l2m9o302.2 BEEp000040254r2025-07-15 00:00:00s2019-02-14v600.00yBB